UBT Library

Microbiology for surgical technologists / (Record no. 42833)

000 -LEADER
fixed length control field 00777cam a22002654a 4500
001 - CONTROL NUMBER
control field 12999505
005 - DATE AND TIME OF LATEST TRANSACTION
control field 20180216081636.0
008 - FIXED-LENGTH DATA ELEMENTS--GENERAL INFORMATION
fixed length control field 021107s2003 at af b 001 0 eng
010 ## - LIBRARY OF CONGRESS CONTROL NUMBER
LC control number 2002153648
020 ## - INTERNATIONAL STANDARD BOOK NUMBER
International Standard Book Number 0766826996
035 ## - SYSTEM CONTROL NUMBER
System control number (DNLM)101158955
040 ## - CATALOGING SOURCE
Original cataloging agency DNLM/DLC
Transcribing agency DLC
Modifying agency DLC
041 ## - LANGUAGE CODE
Language code of text/sound track or separate title eng
042 ## - AUTHENTICATION CODE
Authentication code pcc
060 10 - NATIONAL LIBRARY OF MEDICINE CALL NUMBER
Classification number QW 4
Item number P946m 2003
080 ## - UNIVERSAL DECIMAL CLASSIFICATION NUMBER
Universal Decimal Classification number 616.01 PRI
082 00 - DEWEY DECIMAL CLASSIFICATION NUMBER
Classification number 616.01 PRI
Edition number 21
100 1# - Rafti
Rafti 11
101 ## - Shkurtesa
Shkurtesa MIK
245 10 - TITLE STATEMENT
Title Microbiology for surgical technologists /
Statement of responsibility, etc Paul Price and Kevin B. Frey.
504 ## - BIBLIOGRAPHY, ETC. NOTE
Bibliography, etc Includes bibliographical references and index.
906 ## - LOCAL DATA ELEMENT F, LDF (RLIN)
a 7
b cbc
c orignew
d 1
e ecip
f 20
g y-gencatlg
942 ## - ADDED ENTRY ELEMENTS (KOHA)
Source of classification or shelving scheme
Item type Books
Holdings
Withdrawn status Lost status Source of classification or shelving scheme Damaged status Not for loan Collection code Permanent location Current location Shelving location Date acquired Total Checkouts Full call number Barcode Date last seen Price effective from Koha item type
          Koleksioni i përgjithshem UBT - Lipjan UBT - Lipjan Koleksioni i përgjithshem 02/16/2018   616.01 PRI 002-2998341 02/16/2018 02/16/2018 Books
UBT Library © 2015-2024. All rights reserved University Education for Business and Technology